000 00616nam a2200193Ia 4500
003 IN-BaIIA
008 211028s9999 xx 000 0 eng d
020 _a0-7503-0454-5
040 _cIIA Library
080 _a520.2(092)
_bGLA
100 _aGlass, I. S.
_922837
245 0 _aVictorian telescope makers
_bthe lives and letters of Thomas and Howard Grubb
_cI. S. Glass
260 _aBristol
_bInstitute of Physics
_c1997
300 _axiii, 279p.
650 _aHoward Grubb
_922838
650 _aTelescopes
_91997
650 _aThomas Grubb
_922839
942 _cBK
999 _c13001
_d13001